000 00806nam a22002177a 4500
003 OSt
005 20150408114211.0
008 130130s 2011jo ||||g b 00| 0 are d
020 _a9789957062200
040 _aMa-un
082 _221
_a375
_bخ م أ
100 _aالخوالدة، محمد محمود
_920229
245 _aأسس بناء المناهج التربوية وتصميم الكتاب التعليمي /
_cمحمد محمود الخوالدة.
250 _aط. 3.
260 _aعمان، الأردن :
_bدار المسيرة،
_c2011.
300 _a336 ص. :
_bإيض. ؛
_c24 سم.
504 _aيشتمل علي إرجاعات ببليوجرافية.
650 _92853
_aالمناهج
_xتطوير
650 _aالتعليم
_920230
_xمناهج
_xتخطيط
942 _2ddc
_cBOOK
999 _c34122
_d268622